000 00960nam a2200373Ia 4500
001 3725
005 20240113233648.0
007 ta
008 180531s991; ii g b000 u 465 u
020 _a0-87692-636-7
_cRs. 135.00
040 _aCotton College,Assam
041 _aeng
082 _a512.5
_bDa 262 Ma
100 _aDatta, K.B. .
245 0 _aMatrix and Linear Algebra /
_cK.B. Datta.
_hTextual Documents
250 _a1st ed. /
260 _aNew Delhi :
_bPrentice-Hall of India Pvt Ltd ,
_c1991; 2007.
300 _axix, 613p. ;
_c24cm.
365 _aRs. 135.00
504 _aBib, Index
653 _aMathematics
653 _aMatrix
653 _aLinear Algebra
653 _aG-Mathematics
653 _aPG-Mathematics
942 _2ddc
_cBK
999 _c3713
_d3713